Znani ludzie według inicjałów - imiona na "S" - Statystyki

Ogólne statystyki
  • Ten quiz został rozwiązany 234 razy
  • Średni wynik to 10 z 21
Statystyki odpowiedzi
Inicjały Kim jest ta osoba? Odpowiedź % Poprawnych
Polski pisarz, twórca dzieł takich jak "Ludzie bezdomni" czy "Przedwiośnie" Stefan Żeromski
88%
SW Amerykańska tenisistka, zwyciężczyni 23 turniejów wielkoszlemowych Serena Williams
78%
SA Szwajcarski skoczek narciarski, czterokrotny mistrz olimpijski Simon Ammann
75%
SJ Amerykański przedsiębiorca, współzałożyciel i wieloletni prezes firmy Apple Steve Jobs
73%
SR Hiszpański piłkarz, czterokrotny zwycięzca Ligi Mistrzów, wieloletni zawodnik Realu Madryt Sergio Ramos
70%
SV Niemiecki kierowca wyścigowy, czterokrotny mistrz Formuły 1 Sebastian Vettel
63%
SK Amerykański pisarz, twórca książek takich jak "Lśnienie", "Bastion" czy opowiadania "Skazani na Shawshank" Stephen King
62%
SS Amerykański reżyser, odpowiedzialny za filmy takie jak "Szczęki", "E.T." i "Park Jurajski" Steven Spielberg
62%
SB Włoski przedsiębiorca i polityk, trzykrotny premier Włoch, były właściciel AC Milan Silvio Berlusconi
59%
SG Angielski piłkarz, wieloletni zawodnik Liverpoolu Steven Gerrard
59%
SE Kameruński piłkarz, trzykrotny zdobywca Ligi Mistrzów, zawodnik m.in. Barcelony, Interu i Chelsea Samuel Eto'o
55%
SC Szkocki aktor, odtwórca roli Jamesa Bonda w filmach takich jak "Operacja Piorun" czy "Żyje się tylko dwa razy" Sean Connery
55%
SH Brytyjski astrofizyk, badacz czarnych dziur, twórca wielu publikacji Stephen Hawking
49%
SF Austriacki lekarz, twórca psychoanalizy Sigmnud Freud
46%
SL Włoska aktorka, znana z ról w filmach takich jak "Matka i córka" czy "Małżeństwo po włosku", jedna z najwybitniejszych aktorek lat 60. Sophia Loren
41%
SO Amerykański koszykarz, czterokrotny mistrz NBA, MVP ligi w 2000 r. (można podać imię) Shaquille O'Neal
37%
SP Amerykańska aktorka, znana z głównych ról w filmach "Seks w wielkim mieście" czy "Słyszeliście o Morganach?" Sarah Jessica Parker
35%
ST Ormiańsko-amerykański muzyk, wokalista zespołu System of a Down i muzyk solowy (można podać imię) Serj Tankian
15%
SM Niemiecki piłkarz, mistrz świata z 1974 r., przez całą karierę związany z Bayernem Sepp Maier
13%
SN Amerykańska wokalistka, znana z występów w zespole Fleetwood Mac i kariery solowej Stevie Nicks
8%
SD Polski inżynier i wynalazca, twórca pierwszego okrętu podwodnego o napędzie elektrycznym zasilanego akumulatorami Stefan Drzewiecki
2%
Nie znaleziono quizów pasujących do podanych kryteriów
Rozkład punktacji
Procent ludzi z każdym wynikiem
Percentyl według liczby udzielonych odpowiedzi
Twoja historia wyników
Nie rozwiązałeś tego quizu